LEADER 01223nam0 22002891i 450 001 UON00001855 005 20231205101852.679 010 $a37-01-62292-2 100 $a20020107d1987 |0itac50 ba 101 $aeng 102 $aAU 105 $a||||b ||||| 200 1 $aYemen$e3000 years of art and civilisation in Arabia Felix$fedited by Werner Daum 205 $aInnsbruck : Pinguin$b1987 210 $a484 p.$cill. ; 27 cm 215 $aPubblicato in occasione della mostra, Staatliches Museum fur Volkerkunde, Monaco di Baviera dal 29 Aprile 1987 606 $aYEMEN$xStoria$3UONC003630$2FI 620 $aAT$dInnsbruck$3UONL000862 686 $aYEM I$cYEMEN - GENERALIA - GUIDE$2A 702 1$aDAUM$bWerner$3UONV001786 712 $aPinguin$3UONV253721$4650 801 $aIT$bSOL$c20240220$gRICA 912 $aUON00001855 950 $aSIBA - SISTEMA BIBLIOTECARIO DI ATENEO$dSI MUSEO SCERRATO 187 $eSI 15413 7 187 950 $aSIBA - SISTEMA BIBLIOTECARIO DI ATENEO$dSI YEM I 002 N $eSI SA 67565 5 002 N 996 $aYemen$91156398 997 $aUNIOR